Music Quiz

Random Music or This or That Quiz
Score 0/40 Timer 04:00
5 Plays Today
1990s #1 A or B? % Correct
...Baby One More Time???
83.8%
Genie in a Bottle???
83.4%
Vogue???
82.7%
When a Man Loves a Woman???
82.3%
It Must Have Been Love???
82.1%
Livin' la Vida Loca???
81.3%
Bills, Bills, Bills???
80.9%
I'm Your Baby Tonight???
79.8%
Jump???
79%
Black or White???
78.8%
Can't Help Falling in Love???
78.2%
Wannabe???
77.9%
Smooth???
77.7%
I'm Too Sexy???
77.3%
I'll Be Missing You???
76.5%
Escapade???
74.1%
Baby Got Back???
73.7%
Gettin' Jiggy wit It???
73.7%
MMMBop???
72.9%
Save the Best for Last???
72.7%
1990s #1 A or B? % Correct
Baby Baby???
72.6%
Informer???
72.1%
The Sign???
71.8%
Doo Wop (That Thing)???
70.9%
Unbelievable???
70.8%
I Don't Want to Miss a Thing???
70.4%
Truly Madly Deeply???
69.9%
Vision of Love???
69.5%
End of the Road???
69.1%
The Boy Is Mine???
69.1%
One More Try???
68.7%
Weak???
64.5%
Waterfalls???
63.8%
Gangsta's Paradise???
57.4%
Hypnotize???
56.7%
Too Close???
53.5%
Tha Crossroads???
51.8%
Kiss from a Rose???
51.3%
Un-Break My Heart???
51.3%
Bump n' Grind???
39.6%

You're not logged in!

Compare scores with friends on all Sporcle quizzes.
OR
Log In

Sporcle TV

Today on Sporcle TV


Watch our educational content, quiz creation guides, and fun videos on Sporcle TV.

Show Comments

Extras

Top Quizzes Today


Score Distribution

Paid Content

Your Account Isn't Verified!

In order to create a playlist on Sporcle, you need to verify the email address you used during registration. Go to your Sporcle Settings to finish the process.

Report this User

Report this user for behavior that violates our Community Guidelines.

Details: